000 00863cam a2200277 a 4500
001 000018828
005 20200929165850.0
008 720711s1969 sp 000 d spa d
035 _a(DLC) 77265750
035 _a(OCoLC)352126
040 _aDO-SdBNP
_cOCU
_dDLC
_dBNPHU
042 _apremarc
050 0 0 _aPQ6235.R2
_bD7
082 _aNNN
_bD763
245 0 0 _aDramas liturgicos del siglo XVI :
_bNavidad y Pascua /
_cedición e introducción de Jaime Moll.
260 _aMadrid :
_bTaurus,
_c1969.
300 _a185 p. ;
_c19cm.
490 1 _aTemas de España
_v76
504 _aBibliografía: p. 22-24.
650 0 _aSpanish drama
_yClassical period, 1500-1700.
_940585
650 0 _aLiturgical dramas.
_940586
700 1 _aMoll, Jaime,
_eed.
_940587
830 0 _aTemas de España;
_v76
_96849
910 _aCatalogación derivada / LC
049 _aBNGR
999 _c18348
_d18348